000 02151cam a2200205 4500500
005 20260329014313.0
041 _afre
042 _adc
100 1 0 _aMensah, Émile
_eauthor
700 1 0 _aAllode, Alexandre
_eauthor
700 1 0 _aMama, Bouraïma
_eauthor
700 1 0 _aTognon, Francis
_eauthor
700 1 0 _aGandaho, Prosper
_eauthor
245 0 0 _aAdénome prostatique au CHDU - Parakou : vécu psychosocial pré et post-opératoire des patients
260 _c2009.
500 _a50
520 _aL’anthropologie est « la science ou description de l’homme » (Petit Robert). Elle rejoint par là d’autres sciences de l’homme comme la psychologie et l’ethnologie. Pour mieux cerner ces définitions, nous avons pris l’exemple d’une étude sur la chambre à coucher de l’enfant dans le cadre d’une recherche interdisciplinaire (programme pal+ sur les représentations et comportements des populations face au paludisme au Sud Cameroun) Nous avons d’abord relevé les éléments cliniques concernant la chambre à coucher et les rituels de sommeil de l’enfant en France avant d’étendre la recherche en milieu Africain à partir d’entretiens et de dessins d’enfants scolarisés en école primaire dans une plantation du Sud Cameroun. L’apport des connaissances en psychologie clinique jointe à celle de l’anthropologie a permis de mieux cerner la problématique du paludisme qui touche de façon marquée la population infantile et d’évaluer les possibilités d’une politique de prévention, notamment par la moustiquaire imprégnée. Notre travail a aussi permis d’apporter d’autres éléments qui ont aidé à comprendre comment les populations pouvaient apprécier le risque palustre et s’en prévenir. Ce cheminement interdisciplinaire peut être utile pour aider les médecins en charge de la santé publique à élaborer une politique de prévention du paludisme qui puisse tenir compte des aspects environnementaux.
786 0 _nPsy Cause | 53 | 1 | 2009-01-05 | p. 34-35 | 1245-2394
856 4 1 _uhttps://shs.cairn.info/revue-psy-cause-2009-1-page-34?lang=fr&redirect-ssocas=7080
999 _c1887943
_d1887943